Histoire de l'Allemagne pour les nuls - Statistiques

Statistiques générales
  • Ce quiz a été pris 71 fois
  • Le résultat moyen est 5 sur 10
Statistiques - réponses
Hint Réponse % Correct
Quel mur a séparé Berlin en deux parties pendant la Guerre froide ? Le mur de Berlin
98%
En quelle année l'Allemagne a-t-elle été réunifiée après la chute du mur de Berlin ? 1990
91%
Quel traité signé en 1919 a imposé des conditions sévères à l'Allemagne après la Première Guerre mondiale ? Le traité de Versailles
81%
Quel roi de Prusse fut surnommé "Frédéric le Grand" ? Frédéric II
70%
Qui était le chancelier allemand responsable de l'unification de l'Allemagne au XIXe siècle ? Otto von Bismarck
56%
Quelle bataille de la Première Guerre mondiale, en 1916, fut l'une des plus longues et des plus sanglantes ? La bataille de Verdun
44%
Quel célèbre philosophe allemand a écrit Ainsi parlait Zarathoustra ? Friedrich Nietzsche
33%
Quel mouvement artistique et architectural est né en Allemagne en 1919 ? Le Bauhaus
23%
Quelle révolte de paysans allemands a eu lieu entre 1524 et 1525 ? La guerre des Paysans
7%
Quel empire a été fondé en 1871 après la victoire sur la France ? L’Empire allemand
5%
Aucun quiz correspondant
Distribution des résultats
% des personnes avec chaque résultat
Percentile par nombre de réponses
Votre historique - résultats
Vous n’avez pas pris ce quiz